005860000a220016900045000410008000000820020000082450085000282600054001133000012001670010005001799420007001849520120001919990017003113360027003283370033003553380028003880 aENG04aG 287.092 R782c10aThe corn of wheat : The life story of Clara Leffingwell / Helen J. Root, Editor aWinona Lake, IN.,USA : Woman's Missionary Society a105 Pag8834 cBK 001040708GENaFUSBCbFUSBCd2005-01-17l0oG 287.092 R782c p10776r2019-12-12 00:00:00t1w2016-01-26yBKB0C3 c38948d38948 atextobtxt2rdacontent 2rdamediaasin mediaciónbn 2rdacarrieravolumenbnc